Textbook of botany (Record no. 120368)
[ view plain ]
| 000 -LEADER | |
|---|---|
| fixed length control field | 00611nam a2200229Ia 4500 |
| 003 - CONTROL NUMBER IDENTIFIER | |
| control field | OSt |
| 005 - DATE AND TIME OF LATEST TRANSACTION | |
| control field | 20250728105038.0 |
| 008 - FIXED-LENGTH DATA ELEMENTS--GENERAL INFORMATION | |
| fixed length control field | 210210b2015 xxu||||| |||| 00| 0 eng d |
| 020 ## - INTERNATIONAL STANDARD BOOK NUMBER | |
| International Standard Book Number | 9789384826154 |
| 040 ## - CATALOGING SOURCE | |
| Transcribing agency | AL |
| 041 ## - LANGUAGE CODE | |
| Language code of text/sound track or separate title | eng |
| 082 ## - DEWEY DECIMAL CLASSIFICATION NUMBER | |
| Classification number | 581 RAGT |
| 100 ## - MAIN ENTRY--PERSONAL NAME | |
| Personal name | Annie Ragland |
| 9 (RLIN) | 213230 |
| 245 ## - TITLE STATEMENT | |
| Title | Textbook of botany |
| Remainder of title | : algae fungi bryophyets microbiology and plant pathology Vol I |
| 260 ## - PUBLICATION, DISTRIBUTION, ETC. | |
| Place of publication, distribution, etc. | Kanyakumari |
| Name of publisher, distributor, etc. | Saras Publication |
| Date of publication, distribution, etc. | 2015 |
| 300 ## - PHYSICAL DESCRIPTION | |
| Extent | xx,724+7p |
| 440 ## - SERIES STATEMENT/ADDED ENTRY--TITLE | |
| Title | Vol 1 |
| 9 (RLIN) | 213231 |
| 690 ## - LOCAL SUBJECT ADDED ENTRY--TOPICAL TERM (OCLC, RLIN) | |
| Topical term or geographic name as entry element | Botany |
| 9 (RLIN) | 213244 |
| 700 ## - ADDED ENTRY--PERSONAL NAME | |
| Personal name | Kumaresan, V |
| 9 (RLIN) | 213245 |
| 906 ## - LOCAL DATA ELEMENT F, LDF (RLIN) | |
| a | 070962 |
| 942 ## - ADDED ENTRY ELEMENTS (KOHA) | |
| Source of classification or shelving scheme | Dewey Decimal Classification |
| Koha item type | Reference |
| Withdrawn status | Lost status | Source of classification or shelving scheme | Damaged status | Not for loan | Collection code | Home library | Current library | Date acquired | Source of acquisition | Cost, normal purchase price | Total Checkouts | Full call number | Barcode | Date last seen | Date last checked out | Price effective from | Koha item type | Shelving location |
|---|---|---|---|---|---|---|---|---|---|---|---|---|---|---|---|---|---|---|
| Dewey Decimal Classification | Botany | St Aloysius Library | St Aloysius Library | 02/17/2021 | Biblios Book Point, Surathkal-575014 | 370.00 | 3 | 581 RAGT | 070963 | 02/15/2023 | 02/10/2023 | 02/17/2021 | Book | |||||
| Dewey Decimal Classification | Reference Book | Botany | St Aloysius Library | St Aloysius Library | 02/17/2021 | Biblios Book Point, Surathkal-575014 | 370.00 | 1 | 581 RAGT | 070962 | 11/05/2022 | 10/27/2022 | 02/17/2021 | Reference | Reference Section |